Markets (Record no. 83718)

MARC details
000 -LEADER
fixed length control field 01043cab a22001935a 4500
001 - CONTROL NUMBER
control field L154824
008 - FIXED-LENGTH DATA ELEMENTS--GENERAL INFORMATION
fixed length control field 120123e20120120xxk 000 0 eng d
035 ## - SYSTEM CONTROL NUMBER
System control number (Sirsi) u154824
041 0# - LANGUAGE CODE
Language code of text/sound track or separate title eng
100 1# - MAIN ENTRY--PERSONAL NAME
Personal name Hatcher, David
245 00 - TITLE STATEMENT
Title Markets
Remainder of title trade counters, self-storage and roadside
260 ## - PUBLICATION, DISTRIBUTION, ETC.
Date of publication, distribution, etc. 2012
490 #0 - SERIES STATEMENT
Series statement Property Week
Volume/sequential designation 78(3) 20 January 2012, 45- 52(4)
520 ## - SUMMARY, ETC.
Summary, etc. Chief Executive of self-storage firm Safestore is confident of the firm's future after a turbulent first 11 months in his job. Caisson Investment Management has slashed the equity-raising target for its self-storage fund from £100m to £10-20m. Starbucks plans to open another 200 drive-throughs in the next five years. Barber Wadlow's 2012 Petrol station Property Value Indices show the value of average independent petrol station sites falling by 5% in 2011. Travis Perkins aims to add 100 branches to its Toolstation hardware supplier portfolio.
590 ## - LOCAL NOTE (RLIN)
Local note KA
651 #4 - SUBJECT ADDED ENTRY--GEOGRAPHIC NAME
Geographic name United Kingdom
Chronological subdivision
690 ## - LOCAL SUBJECT ADDED ENTRY--TOPICAL TERM (OCLC, RLIN)
Topical term or geographic name as entry element Commercial property
9 (RLIN) 6227
942 ## - ADDED ENTRY ELEMENTS (KOHA)
Suppress in OPAC 0
Holdings
Withdrawn status Lost status Source of classification or shelving scheme Damaged status Not for loan Home library Current library Shelving location Date acquired Total Checkouts Full call number Barcode Date last seen Copy number Price effective from Koha item type
    Dewey Decimal Classification     London London Journal article 22/01/2012   L154824 154824-1001 06/08/2019 1 06/08/2019 Journal article